000 00708nam a2200205 a 4500
001 000042818
005 20201002040423.0
008 140210s1995 sp c 000 0 spa d
020 _a8403597096
040 _aDO-SdBNP
_bspa
_cBNPHU
100 1 _aAlmodóvar, Pedro
_970174
245 1 0 _aPedro Almodóvar : Un Cine Visceral. :
_bconversaciones con Frédéric Strauss /
_ctraducción, Marie Delporte, Matías Mújica.
260 _aMadrid, :
_bEl país
_bAguilar,
_c1995.
300 _a197 p. :
_bretrs. ;
_c24 cm.
490 1 _aVisto y leído
700 1 _aStrauss, Frédéric
_970175
700 1 _aDelporte, Marie
_etrad.
_970176
700 1 _aMújica, Matías
_etrad.
_970177
830 0 _aVisto y leído
_970178
999 _c42307
_d42307